A Study of Personality in Relation to the Logical Thinking of Senior Secondary School Students of Haryana (Record no. 29414)

MARC details
000 -LEADER
fixed length control field 00294nam a22001097a 4500
003 - CONTROL NUMBER IDENTIFIER
control field SGT
082 ## - DEWEY DECIMAL CLASSIFICATION NUMBER
Classification number 370,KOM
100 ## - MAIN ENTRY--PERSONAL NAME
Personal name Komal-201001001
245 ## - TITLE STATEMENT
Title A Study of Personality in Relation to the Logical Thinking of Senior Secondary School Students of Haryana
260 ## - PUBLICATION, DISTRIBUTION, ETC. (IMPRINT)
Year of Publication 2020
942 ## - ADDED ENTRY ELEMENTS (KOHA)
Source of classification or shelving scheme Dewey Decimal Classification
Koha item type Thesis/Dissertation
Holdings
Withdrawn status Lost status Source of classification or shelving scheme Damaged status Use restrictions Not for loan Collection code Home library Current library Shelving location Date acquired Total Checkouts Full call number Accession No. (Barcode) Date last seen Bill Date Koha item type
    Dewey Decimal Classification   Restricted Access Not For Loan EDUCATION SGT Engineering Library SGT Engineering Library On Display 27/01/2025   370,KOM EDMD09 27/01/2025 27/01/2025 Thesis/Dissertation